Kinshasa...or Brazzaville? - Statistics

General Stats
  • This quiz has been taken 22 times
  • The average score is 7 of 8
Answer Stats
Question Answer % Correct
Is located in the DRC Kinshasa
100%
Is the capital of the Republic of the Congo Brazzaville
89%
Has a higher population Kinshasa
89%
Is in a larger country (by area) Kinshasa
89%
Is in a country where French is the official language Both
84%
Was colonized by France Brazzaville
84%
Was formerly called Leopoldville Kinshasa
84%
Has a higher elevation Brazzaville
37%
No matching quizzes found
Score Distribution
Percent of People with Each Score
Percentile by Number Answered
Your Score History
You have not taken this quiz